00505nam a2200193 a 4500001001300000003000900013005001700022008004100039020001000080082001800090100002800108245001600136260003200152500003500184505001000219505004300229650001100272700002800283nice12345678IN_TiNIC20260116011531.0050524s1893 lona grp 000 0 ara  ac10000a297.1245bNIS aNisai, Abi Abdur Rahman aKitab Sunan aLondon bNo Publisherc1893 aincludes index and biblioraphy2 aIndex2 aIndex00gV1.tKitab Sunan.--gV2.tKit aHadith1 aNisai, Abi Abdur Rahman